American exceptionalism revisited: The military-industrial complex, racial tension, and the underdeveloped welfare state (Record no. 87003)

000 -LEADER
fixed length control field 00519pab a2200181 454500
008 - FIXED-LENGTH DATA ELEMENTS--GENERAL INFORMATION
fixed length control field 180718b2010 xxu||||| |||| 00| 0 eng d
100 ## - MAIN ENTRY--PERSONAL NAME
Personal name Hooks, Gregory
245 ## - TITLE STATEMENT
Title American exceptionalism revisited: The military-industrial complex, racial tension, and the underdeveloped welfare state
260 ## - PUBLICATION, DISTRIBUTION, ETC.
Date of publication, distribution, etc. 2010
300 ## - PHYSICAL DESCRIPTION
Extent p.185-204.
362 ## - DATES OF PUBLICATION AND/OR SEQUENTIAL DESIGNATION
Dates of publication and/or sequential designation Apr
650 ## - SUBJECT ADDED ENTRY--TOPICAL TERM
Topical term or geographic name entry element Welfare state
650 ## - SUBJECT ADDED ENTRY--TOPICAL TERM
Topical term or geographic name entry element Social policy
700 ## - ADDED ENTRY--PERSONAL NAME
Personal name McQueen, Brian
773 ## - HOST ITEM ENTRY
Main entry heading American Sociological Review
908 ## - PUT COMMAND PARAMETER (RLIN)
Put command parameter N
909 ## -
-- 87003
Holdings
Withdrawn status Lost status Damaged status Not for loan Permanent Location Current Location Date acquired Serial Enumeration / chronology Barcode Date last seen Price effective from Koha item type
        Indian Institute of Public Administration Indian Institute of Public Administration 2018-07-19 Volume no: 75, Issue no: 2 AR87463 2018-07-19 2018-07-19 Articles

Powered by Koha